000
00295nam a2200121Ia 4500
005
20251222144838.0
008
251222s9999||||xx |||||||||||||| ||spa||
082
_a
272.08/B61/T.I
100
_a
Blanco García, Vicente
245
0
_a
Santos Padres Españoles
264
_b
Católica
942
_c
LIB
999
_c
21107
_d
21107